00705nam a2200241 a 4500001001300000003000900013005001700022008003800039020002300077082001600100100001800116245003500134260003700169300000900206500003500215505001200250650002000262700001800282902000800300942000700308952013100315999001700446nice12345678IN_TiNIC20260116014922.0100923s1966 a grp 000 0 eng  a9780198369158c10000a296.09bAND aAnderson, G W aHistory and Religion of Israel abOxford University Press c1966 a210p aincludes index and biblioraphy2 aIndices aJudaism-History1 aAnderson, G W bSRS cBK 001040708StackRoom-aHMIbHMId2010-09-23g100.00l1o296.09 ANDp11002221r2017-08-02s2017-07-27v100.00w2010-09-23yBK c17543d17543